[Event "Challenge"]
[Site "http://www.queenalice.com/game.php?id=230766"]
[Date "2007.6.26"]
[Round "-"]
[White "juim"]
[Black "madera"]
[Result "0-1"]
[WhiteElo "1651"]
[BlackElo "1702"]

1. d4 d5 2. c3 Nc6 3. Bf4 Nf6 4. Nf3 Bf5 5. e3 g6 6. Nh4 e6 7. Bb5 Bg7 8. Nxf5
exf5 9. O-O O-O 10. Qa4 Qd7 11. Be5 a6 12. Bxc6 bxc6 13. Qa5 Ne8 14. Bxg7 Kxg7
15. Nd2 Nd6 16. Nf3 f6 17. Rfe1 Nc4 18. Qa4 Nxb2 19. Qc2 Nc4 20. Nh4 Na3 21. Qe2
Nc4 22. g3 g5 23. Nf3 Rg8 24. Kg2 Kf7 25. Ng1 Rae8 26. Qh5+ Kg7 27. Ne2 Kh8 28.
h4 g4 29. Qh6 Rg6 30. Qh5 Kg7 31. Nf4 Rh6 32. Qxe8 Qxe8 33. Rab1 Nd2 34. Rb7 Nf3
35. Rxc7+ Kg8 36. Ra7 Qe4 37. Ra8+ Kf7 38. Ra7+ Ke8 39. Ra8+ Kd7 40. Rc1 Nxh4+
41. Kf1 Qh1+ 42. Ke2 Qxc1 43. Ra7+ Kc8 44. Rxa6 Qc2+ 0-1

[Event "Challenge"]
[Site "http://www.queenalice.com/game.php?id=230823"]
[Date "2007.6.26"]
[Round "-"]
[White "roqqk"]
[Black "madera"]
[Result "0-1"]
[WhiteElo "1205"]
[BlackElo "1692"]

1. e4 e5 2. Nf3 Nc6 3. d4 exd4 4. Nxd4 d5 5. Bb5 Bd7 6. exd5 Nxd4 7. Qxd4 Bxb5
8. c4 c5 9. Qe3+ Be7 10. cxb5 Qa5+ 11. Bd2 Qxb5 12. d6 Qxb2 13. Bc3 Qb5 14. Bxg7
Kd7 15. dxe7 Nxe7 16. Bxh8 Re8 17. Be5 Qb4+ 18. Nd2 Nd5 19. Qh3+ Kc6 20. Qh6+ f6
21. Rb1 Rxe5+ 22. Kf1 Qd4 23. Qxh7 Qxd2 24. Qxb7+ Kd6 25. Qa6+ Nb6 26. g3 c4 27.
Kg2 Qd5+ 28. f3 Re2+ 29. Kf1 Qxf3+ 0-1

[Event "Challenge"]
[Site "http://www.queenalice.com/game.php?id=231548"]
[Date "2007.6.27"]
[Round "-"]
[White "madera"]
[Black "roqqk"]
[Result "1-0"]
[WhiteElo "1777"]
[BlackElo "1313"]

1. e4 e5 2. Nf3 d6 3. h3 Nf6 4. Nc3 d5 5. exd5 Nxd5 6. Nxd5 Qxd5 7. c4 Qa5 8.
Be2 Bc5 9. O-O O-O 10. d4 exd4 11. Nxd4 Rd8 12. Be3 Nc6 13. b4 Qb6 14. bxc5 Qxc5
15. Qa4 Nxd4 16. Bxd4 Qxd4 17. Rad1 Qf6 18. Rxd8+ Qxd8 19. Rd1 Qe7 20. Kf1 Bf5
21. Re1 Re8 22. Qxa7 Bd3 23. Qe3 Bf5 24. Qf3 g6 25. Qxb7 Qe4 26. Qxe4 Bxe4 27.
Bf3 f5 28. g4 Kg7 29. g5 Ra8 30. Bxe4 fxe4 31. Ra1 c5 32. Ke2 Ra4 33. h4 Rxc4
34. a4 e3 35. a5 Rxh4 36. fxe3 c4 37. Kd2 Rg4 38. a6 Rg2+ 39. Kc3 h5 40. a7 h4
41. a8=Q Rf2 42. Ra7+ Rf7 43. Kxc4 h3 44. e4 h2 45. e5 Rxa7 46. Qxa7+ Kf8 47.
Qa8+ Ke7 48. Kc5 Ke6 49. Kd4 Kf5 50. Qh1 Kxg5 51. Qxh2 Kf5 52. Kd5 g5 53. Kd6 g4
54. e6 Kf6 55. e7 Kf5 56. e8=Q Kg5 57. Qee5+ Kg6 58. Qhh5# 1-0

[Event "Challenge"]
[Site "http://www.queenalice.com/game.php?id=231951"]
[Date "2007.6.28"]
[Round "-"]
[White "roqqk"]
[Black "madera"]
[Result "0-1"]
[WhiteElo "1299"]
[BlackElo "1739"]

1. b3 e5 2. e4 Nf6 3. Bb2 Nc6 4. Nc3 Bb4 5. Nd5 O-O 6. a3 Be7 7. Bxe5 Nxe5 8.
Bc4 Nxd5 9. exd5 Nxc4 10. bxc4 Re8 11. Nh3 Bxa3+ 12. Kf1 Bb4 13. Qg4 d6 14. Qh5
Bxd2 15. f4 Bxh3 16. gxh3 Re4 17. Rg1 Rxf4+ 18. Ke2 Rf2+ 19. Kxf2 Qf6+ 20. Ke2
Re8+ 21. Kxd2 Qd4+ 22. Kc1 Qxg1+ 23. Qd1 Re1 24. Qxe1 Qxe1+ 25. Kb2 Qe5+ 26. c3
Qxh2+ 27. Kb3 a6 28. Re1 Kf8 29. c5 Qxh3 30. Kb4 Qh4+ 0-1

[Event "Challenge"]
[Site "http://www.queenalice.com/game.php?id=232467"]
[Date "2007.6.29"]
[Round "-"]
[White "vult0"]
[Black "madera"]
[Result "0-1"]
[WhiteElo "1878"]
[BlackElo "1781"]

1. e4 e5 2. Nf3 Nc6 3. Nc3 Nf6 4. d3 h6 5. a3 Bc5 6. h3 d5 7. exd5 Nxd5 8. Bd2
Be6 9. Be2 Nd4 10. Nxd4 Bxd4 11. O-O Qd7 12. Bf3 O-O-O 13. Rb1 f5 14. Na2 g6 15.
c3 Bb6 16. c4 Nf6 17. Be2 g5 18. Bc3 Bd4 19. Qd2 Qc6 20. Nb4 Qb6 21. Bxd4 Qxd4
22. Nc2 Qd6 23. b4 Bxc4 24. Qc3 Bb5 25. Ne3 Nd5 26. Qc2 Nxe3 27. fxe3 e4 28. d4
Qd5 29. Bxb5 Qxb5 30. a4 Qd5 31. b5 Rhf8 32. a5 Rf7 33. b6 Qxa5 34. bxa7 Qxa7
35. Ra1 Qb8 36. Ra5 Rdf8 37. Rfa1 Kd7 38. Ra8 Qxa8 39. Rxa8 Rxa8 40. Qb3 Rff8
41. Qxb7 Ra5 42. Qb4 Ra1+ 43. Kh2 Raa8 44. d5 Rab8 45. Qb2 Rxb2 0-1

[Event "Challenge"]
[Site "http://www.queenalice.com/game.php?id=232482"]
[Date "2007.6.29"]
[Round "-"]
[White "madera"]
[Black "vult0"]
[Result "0-1"]
[WhiteElo "1795"]
[BlackElo "1823"]

1. e4 Nc6 2. d4 d5 3. e5 e6 4. a3 g6 5. c4 b6 6. cxd5 Qxd5 7. Nc3 Qd8 8. Bb5 Bd7
9. d5 Nxe5 10. Qe2 Bd6 11. b4 a6 12. Ba4 Bxa4 13. Nxa4 exd5 14. Nf3 f6 15. O-O
Ne7 16. Bh6 Ng4 17. Qd2 g5 18. Bg7 Rg8 19. Bxf6 Nxf6 20. Nxg5 Qd7 21. Qc2 Rxg5
22. Nc3 Bxh2+ 23. Kxh2 Ng4+ 24. Kg1 Nf6 25. Qd2 Rh5 26. Rfe1 O-O-O 27. Qe2 Rg8
28. Qxa6+ Kb8 29. Qd3 Rh3 30. Re3 Rxg2+ 31. Kxg2 Nh5 32. Rxh3 Nf4+ 0-1

[Event "Challenge"]
[Site "http://www.queenalice.com/game.php?id=233587"]
[Date "2007.7.2"]
[Round "-"]
[White "madera"]
[Black "REUSKING"]
[Result "1-0"]
[WhiteElo "1716"]
[BlackElo "1901"]

1. e4 e5 2. Nf3 Nf6 3. Nc3 Nc6 4. Bb5 Nd4 5. Nxd4 exd4 6. Nd5 Nxd5 7. exd5 c6 8.
dxc6 dxc6 9. Bc4 Bd6 10. O-O O-O 11. c3 dxc3 12. dxc3 Bf5 13. h3 Qc7 14. Kh1
Rfe8 15. Qf3 Bg6 16. h4 Be4 17. Qg4 Bd5 18. Bh6 Bf8 19. Bd3 g6 20. Be3 Be6 21.
Qf3 Bg7 22. Rfe1 Rad8 23. Bxa7 Ra8 24. Bd4 Bxd4 25. cxd4 Rxa2 26. Rxa2 Rd8 27.
Raa1 Rxd4 28. Qf6 1-0

[Event "Challenge"]
[Site "http://www.queenalice.com/game.php?id=234168"]
[Date "2007.7.3"]
[Round "-"]
[White "madera"]
[Black "juim"]
[Result "1-0"]
[WhiteElo "1779"]
[BlackElo "1773"]

1. e4 e5 2. Nf3 d6 3. h3 Be7 4. d4 exd4 5. Qxd4 Bf6 6. Qa4+ Bd7 7. Qb3 Bc6 8.
Bc4 Qd7 9. Bg5 Bxg5 10. Nxg5 Ba4 11. Bxf7+ Ke7 12. Qxb7 Bc6 13. Qb4 h6 14. Bxg8
Rxg8 15. Nf3 Na6 16. Qa3 Bb5 17. Nc3 Nc5 18. O-O-O Bc6 19. e5 Rgf8 20. exd6+
cxd6 21. Rhe1+ Kf7 22. Ne5+ dxe5 23. Rxd7+ Nxd7 24. f4 Bxg2 25. fxe5 Bxh3 26.
Nb5 Rae8 27. Qxh3 Re6 28. Rf1+ Ke7 29. Rxf8 Nxf8 30. Qh4+ g5 31. Qb4+ Kf7 32.
Qc4 Ke7 33. Qc5+ Kf7 34. Qd5 Kg6 35. Qe4+ Kg7 36. Nc7 Re7 37. Nd5 Re6 38. c4 Nd7
39. Nc7 Rxe5 40. Qd4 Kf6 41. Qxd7 Re1+ 42. Kd2 Re7 43. Nd5+ 1-0

[Event "Challenge"]
[Site "http://www.queenalice.com/game.php?id=234171"]
[Date "2007.7.3"]
[Round "-"]
[White "juim"]
[Black "madera"]
[Result "0-1"]
[WhiteElo "1760"]
[BlackElo "1765"]

1. e4 e5 2. d3 h6 3. Nf3 Nc6 4. Be2 Nf6 5. Nc3 Bb4 6. Bd2 O-O 7. O-O d5 8. exd5
Nxd5 9. Nxd5 Qxd5 10. Bxb4 Nxb4 11. c4 Qc6 12. Nxe5 Qe6 13. d4 Rd8 14. Bg4 Qb6
15. Qf3 Rf8 16. c5 Qa6 17. Bxc8 Raxc8 18. Qb3 Nc6 19. Nd7 Na5 20. Qc2 Rfe8 21.
Ne5 Nc6 22. Nxc6 Qxc6 23. Qf5 Rcd8 24. Qd3 b6 25. cxb6 Qxb6 26. d5 c6 27. d6 c5
28. d7 Re7 29. Qf3 Rexd7 30. b3 Rd3 31. Qg4 R3d4 32. f4 c4 33. Kh1 Qf6 34. Qe2
Rxf4 35. Kg1 Qd4+ 36. Kh1 cxb3 37. axb3 Rc8 38. Rfd1 Qc5 39. h3 Rf2 40. Qc4 Qf5
41. Qd3 Qf6 42. Qa6 Qxa6 43. Rxa6 Rcc2 44. Rg1 Rb2 45. Rxa7 Rxb3 46. Rd1 Rbb2
47. Rd8+ Kh7 48. h4 Rxg2 49. Rxf7 Rg4 50. Rff8 Rxh4+ 51. Kg1 Rhh2 52. Rh8+ Kg6
53. Rd6+ Kg5 54. Rd5+ Kg4 55. Rd4+ Kg3 56. Rd3+ Kg4 57. Rd4+ Kg5 58. Rd5+ Kf6
59. Rf8+ Ke6 60. Rdf5 Rbg2+ 61. Kf1 Rd2 62. Kg1 Rhe2 63. Rf2 Rxf2 64. Rxf2 Rxf2
65. Kxf2 Kf5 66. Kg3 g5 67. Kh3 h5 68. Kg3 g4 69. Kh4 Kg6 70. Kg3 Kf5 71. Kf2
Kf4 72. Kg2 g3 0-1

[Event "Challenge"]
[Site "http://www.queenalice.com/game.php?id=234188"]
[Date "2007.7.3"]
[Round "-"]
[White "REUSKING"]
[Black "madera"]
[Result "1-0"]
[WhiteElo "1942"]
[BlackElo "1804"]

1. e4 e5 2. Nf3 Nc6 3. d4 exd4 4. Nxd4 Qh4 5. Nc3 Nf6 6. g3 Qh5 7. Qxh5 Nxh5 8.
Be3 Bb4 9. Ne2 Nf6 10. Bg2 Ng4 11. Bf4 Bc5 12. O-O d6 13. Nd5 Bb6 14. Nxb6 axb6
15. h3 Nge5 16. a3 O-O 17. Nc3 Nd4 18. Rac1 c6 19. Bxe5 dxe5 20. Kh2 Be6 21.
Rfe1 Rad8 22. Ne2 f5 23. Nxd4 Rxd4 24. Rcd1 Rxd1 25. Rxd1 Re8 26. exf5 Bxf5 27.
c3 Kf7 28. Rd2 Ke6 29. g4 Bg6 30. Bf1 Rf8 31. Kg3 b5 32. f3 e4 33. f4 Ke7 34. f5
Bf7 35. Bg2 Bd5 36. Re2 Kd6 37. Bxe4 Bxe4 38. Rxe4 Kd5 39. Kf4 Kd6 40. b3 g6 41.
h4 h6 42. Re6+ 1-0

[Event "Challenge"]
[Site "http://www.queenalice.com/game.php?id=234189"]
[Date "2007.7.3"]
[Round "-"]
[White "madera"]
[Black "REUSKING"]
[Result "0-1"]
[WhiteElo "1805"]
[BlackElo "1945"]

1. e4 e5 2. Nf3 Nf6 3. Nc3 Nc6 4. d4 exd4 5. Nxd4 Bc5 6. Nxc6 dxc6 7. Bd3 O-O 8.
O-O Bg4 9. Qe1 h6 10. Kh1 Re8 11. f3 Be6 12. Bf4 Qe7 13. Qg3 Nh5 14. Qe1 Nxf4
15. Qd2 Nxd3 16. Qxd3 Rad8 17. Qe2 b5 18. e5 Bc4 19. Qe1 Bxf1 20. Qxf1 Qxe5 21.
a4 Bd6 22. g3 Qh5 23. Ne4 f5 24. Nxd6 Rxd6 25. h4 Re3 26. axb5 Qxf3+ 27. Qxf3
Rxf3 28. Kg2 Re3 29. Kf2 Rde6 30. Rxa7 cxb5 31. Rxc7 Re7 32. Rc5 R3e5 33. Rc8+
Kf7 34. Kf3 g5 35. hxg5 hxg5 36. g4 f4 37. Rc3 Re3+ 38. Rxe3 Rxe3+ 0-1

[Event "Challenge"]
[Site "http://www.queenalice.com/game.php?id=234347"]
[Date "2007.7.3"]
[Round "-"]
[White "madera"]
[Black "DenisDiaz"]
[Result "1/2-1/2"]
[WhiteElo "1775"]
[BlackElo "1854"]

1. e4 e5 2. Nf3 Nc6 3. Nc3 Nf6 4. d4 exd4 5. Nxd4 Nxd4 6. Qxd4 d6 7. Bg5 Be7 8.
O-O-O h6 9. Bh4 Be6 10. Qe3 g5 11. Bg3 Nh5 12. e5 Nxg3 13. Qxg3 a6 14. Qf3 Qc8
15. Nd5 Bxd5 16. Qxd5 c6 17. Qe4 d5 18. Qf3 Qc7 19. c4 dxc4 20. Bxc4 Bb4 21. a3
Ba5 22. b4 Bb6 23. e6 fxe6 24. Bxe6 Qf4+ 25. Qxf4 gxf4 26. Bd7+ Kf8 27. f3 Rh7
28. Rhe1 Rd8 29. Bf5 Re7 30. h4 Rxe1 31. Rxe1 Be3+ 32. Kb1 Rd2 33. g4 b6 34. Be4
c5 35. bxc5 Bxc5 36. a4 a5 37. Bc6 Be3 38. h5 Rd6 39. Bb5 1/2-1/2

[Event "Challenge"]
[Site "http://www.queenalice.com/game.php?id=239291"]
[Date "2007.7.13"]
[Round "-"]
[White "roqqk"]
[Black "madera"]
[Result "0-1"]
[WhiteElo "1391"]
[BlackElo "1780"]

1. e4 e5 2. Nh3 f5 3. Qe2 d6 4. d3 fxe4 5. Qxe4 Bxh3 6. Qxb7 Nd7 7. gxh3 Ngf6 8.
Bg5 Be7 9. Rg1 O-O 10. Qg2 Rb8 11. Bh6 Rf7 12. Bxg7 Nf8 13. Bxf6+ Ng6 14. Bxe7
Qxe7 15. Qd5 Qf6 16. Nc3 Qxf2+ 17. Kd1 Qxg1 18. Ke1 Qxf1+ 19. Kd2 Qxa1 20. Nb5
Kg7 21. Nxc7 Rf2+ 22. Ke3 Qe1# 0-1

[Event "Challenge"]
[Site "http://www.queenalice.com/game.php?id=239426"]
[Date "2007.7.13"]
[Round "-"]
[White "madera"]
[Black "roqqk"]
[Result "1-0"]
[WhiteElo "1782"]
[BlackElo "1389"]

1. d4 Nf6 2. c4 d5 3. cxd5 Qxd5 4. Nc3 Qf5 5. Nf3 Ng4 6. e4 Qa5 7. Bd2 Be6 8. d5
Bd7 9. h3 Nf6 10. e5 Nxd5 11. Bc4 Nxc3 12. Bxc3 Qc5 13. Qb3 g5 14. Bxf7+ Kd8 15.
Qxb7 Bc6 16. Rd1+ Bd7 17. e6 Qd6 18. Rxd6 exd6 19. Qxa8 Bc8 20. Bxh8 Bh6 21.
Qxb8 g4 22. Bf6# 1-0

[Event "Challenge"]
[Site "http://www.queenalice.com/game.php?id=242608"]
[Date "2007.7.20"]
[Round "-"]
[White "Mike36bh"]
[Black "madera"]
[Result "1-0"]
[WhiteElo "1698"]
[BlackElo "1784"]

1. d4 d5 2. Nc3 Nf6 3. Bf4 Bf5 4. Nf3 g6 5. Ne5 Bg7 6. e3 O-O 7. g4 Be6 8. h4
Nfd7 9. Nxd7 Qxd7 10. Bh3 Na6 11. a3 c5 12. Qf3 cxd4 13. exd4 Bxd4 14. h5 Nc5
15. Bh6 Rfe8 16. hxg6 fxg6 17. g5 Bxh3 18. Rxh3 Ne4 19. Nxe4 dxe4 20. Qb3+ Kh8
21. O-O-O Rad8 22. Rh4 Bxb2+ 23. Qxb2+ e5 24. Rxd7 Rxd7 25. Rxe4 Red8 26. Qxe5+
Kg8 27. Qe6+ Rf7 28. Rf4 1-0

[Event "Challenge"]
[Site "http://www.queenalice.com/game.php?id=242622"]
[Date "2007.7.20"]
[Round "-"]
[White "roqqk"]
[Black "madera"]
[Result "0-1"]
[WhiteElo "1456"]
[BlackElo "1803"]

1. e4 e5 2. Nf3 Nc6 3. d3 h6 4. Nc3 Bb4 5. a3 Bc5 6. Be3 Bxe3 7. Nd5 Bb6 8. Nxe5
Nxe5 9. d4 Nc6 10. Qf3 Nxd4 11. Bc4 Nxf3+ 12. gxf3 Bxf2+ 13. Kxf2 Qh4+ 14. Ke2
Kd8 15. Rag1 d6 16. Rxg7 Be6 17. Rhg1 Qxh2+ 18. R1g2 Qe5 19. Rxg8+ Rxg8 20.
Rxg8+ Kd7 21. Rxa8 Bxd5 22. Bxd5 c6 23. Bxf7 a6 24. b4 h5 25. Ke3 h4 26. f4 Qe7
27. Rb8 Kc7 28. Rh8 Qxf7 29. Rxh4 Qc4 30. f5 Qxc2 31. f6 Qc3+ 32. Kf4 Qxf6+ 33.
Kg4 c5 34. Rh5 Qg6+ 35. Rg5 Qxe4+ 36. Kh5 Qf3+ 37. Kh6 Qxa3 38. bxc5 Qxc5 39.
Rxc5+ dxc5 40. Kg5 a5 41. Kf5 a4 42. Ke5 a3 43. Kd5 b6 44. Kc4 a2 45. Kb5 a1=Q
46. Kc4 Kc6 47. Kb3 b5 48. Kc2 c4 49. Kd2 Qd4+ 50. Kc2 b4 51. Kc1 Qf2 0-1

[Event "Challenge"]
[Site "http://www.queenalice.com/game.php?id=242647"]
[Date "2007.7.20"]
[Round "-"]
[White "madera"]
[Black "cristiana"]
[Result "1-0"]
[WhiteElo "1801"]
[BlackElo "1357"]

1. e4 e5 2. Nf3 Bb4 3. a3 Ba5 4. b4 Bb6 5. c4 d6 6. Qb3 Be6 7. Be2 d5 8. d3 Nf6
9. O-O Bg4 10. Rd1 d4 11. c5 Be6 12. Qc2 Nbd7 13. cxb6 axb6 14. Bg5 h6 15. Bh4
c5 16. Bxf6 Qxf6 17. bxc5 bxc5 18. Nc3 dxc3 19. Qxc3 g5 20. Rdb1 O-O 21. Rxb7
Qf4 22. a4 Rab8 23. Qb2 g4 24. Nd2 f6 25. Nc4 h5 26. g3 Qh6 27. Nd6 h4 28. Nf5
Qg5 29. Nxh4 c4 30. dxc4 f5 31. Nxf5 Bxf5 32. exf5 Qxf5 33. Rf1 Qe4 34. Rxb8
Nxb8 35. Qb3 Qxe2 36. c5+ Kh8 37. Qb7 Na6 38. c6 Nc5 39. Qe7 Kg8 40. Qxc5 Kg7
41. c7 Qe4 42. Qxf8+ Kxf8 43. c8=Q+ Kg7 44. a5 Qg6 45. a6 e4 46. a7 e3 47. fxe3
Qh6 48. Qf8+ 1-0

[Event "Challenge"]
[Site "http://www.queenalice.com/game.php?id=252291"]
[Date "2007.8.7"]
[Round "-"]
[White "madera"]
[Black "roqqk"]
[Result "0-1"]
[WhiteElo "1778"]
[BlackElo "1490"]

1. d4 d6 2. e4 e5 3. dxe5 dxe5 4. Qxd8+ Kxd8 5. Nf3 Nf6 6. Nxe5 Be6 7. Bg5 Ke7
8. Nd3 Nd7 9. e5 Nxe5 10. Nxe5 h6 11. Bxf6+ Kxf6 12. f4 g5 0-1

[Event "Challenge"]
[Site "http://www.queenalice.com/game.php?id=345037"]
[Date "2008.1.29"]
[Round "-"]
[White "madera"]
[Black "vult0"]
[Result "1-0"]
[WhiteElo "1752"]
[BlackElo "1678"]

1. e4 c5 2. Nf3 e6 3. d4 Nc6 4. c4 Nf6 5. Bg5 Be7 6. d5 exd5 7. cxd5 Na5 8. d6
O-O 9. dxe7 Qxe7 10. Be2 Qe6 11. Nbd2 Nc6 12. O-O Nxe4 13. Bc4 Qe8 14. Re1 d5
15. Bxd5 Qd7 16. Nxe4 1-0

[Event "Challenge"]
[Site "http://www.queenalice.com/game.php?id=345368"]
[Date "2008.1.30"]
[Round "-"]
[White "Gloria"]
[Black "madera"]
[Result "1-0"]
[WhiteElo "1888"]
[BlackElo "1765"]

1. e4 e5 2. f4 exf4 3. Bc4 Qh4+ 4. Kf1 g5 5. Nf3 Qh5 6. Nc3 Nf6 7. e5 d5 8. Bxd5
c6 9. exf6 cxd5 10. Nxd5 Bd6 11. Qe2+ Be6 12. Qb5+ 1-0

[Event "Challenge"]
[Site "http://www.queenalice.com/game.php?id=345421"]
[Date "2008.1.30"]
[Round "-"]
[White "madera"]
[Black "CaptainJester"]
[Result "1-0"]
[WhiteElo "1754"]
[BlackElo "1776"]

1. e4 c5 2. Nf3 Nc6 3. Nc3 g6 4. Bc4 Bg7 5. O-O d6 6. d3 Bg4 7. Bxf7+ Kxf7 8.
Ng5+ Ke8 9. Qxg4 Nf6 10. Qf3 Nd4 11. Qd1 Qd7 12. Ne2 Qg4 13. f3 Nxe2+ 14. Qxe2
Qd7 15. Bf4 h6 16. Nh3 g5 17. e5 gxf4 18. exf6 Bxf6 19. Nxf4 Qf5 20. Ne6 Kd7 21.
Rfe1 Be5 22. Ng7 Qf6 23. Nh5 Qh4 24. f4 Bf6 25. g3 Bd4+ 26. Kg2 Rhg8 27. Kh1 Qh3
28. Qxe7+ Kc6 29. Qe4+ Kb6 30. c3 Bf2 31. Re2 Bxg3 32. Nf6 Rgd8 33. f5 Qh4 34.
Nd5+ Kc6 35. Nf4+ Kb6 36. Nd5+ Kc6 37. Nb4+ 1-0

[Event "Challenge"]
[Site "http://www.queenalice.com/game.php?id=365059"]
[Date "2008.3.3"]
[Round "-"]
[White "CaptainJester"]
[Black "madera"]
[Result "1-0"]
[WhiteElo "1775"]
[BlackElo "1755"]

1. e4 e5 2. Nf3 Nc6 3. Bc4 h6 4. O-O Nf6 5. d3 Bc5 6. a3 O-O 7. b4 Bb6 8. Bb2 d6
9. d4 Bg4 10. dxe5 Bxf3 11. Qxf3 dxe5 12. Be2 Qe7 13. c4 Nd4 14. Qd3 Rad8 15. c5
Bxc5 16. bxc5 Qxc5 17. Bxd4 Rxd4 18. Qb3 1-0